00456cam a2200157ua 45000010005000000080039000050400009000440820008000531000036000612450068000972500009001652600042001743000017002166530014002336530051002472944110919n ii |||gr||||Z||||||asm cMAIN a920 aSharma, Nabin Chandra,eEditor.11aTraloikya Goswami Jivan aru kriticed. by Nabin Chandra Sharma  a1st. aGuahati:bBani prakash pvt. ltd.,991. a285p:c23cm. aBiography aBiography of Traloikya Goswami Jivan aru kriti